000 00571nam a2200181Ia 4500
008 100917s9999 xx 000 0 und d
082 _b12207
100 _aभट रविंद्र
245 _aसागरा प्राण तळमळला
260 _bसंजय प्रकाशन
_c1973
300 _a421
365 _b20
520 _aकादंबरी
630 _aसागरा प्राण तळमळला
650 _aकादंबरी
730 _aसागरा प्राण तळमळला
942 _cBOOK
999 _c617601
_d617598